000 00570nam a22001817a 4500
999 _c20975
_d20975
003 AR-CdUCM
008 190307b ||||| |||| 00| 0 spa d
040 _aMUNICIPALIDAD PROVINCIAL DEL CUSCO
_cBIBLIOTECA MUNICIPAL DEL CUSCO
082 _a306.349 /
_bG71
100 _aGonzales Mires, César
_91878
245 _aHistoria y cultura del agro Andino /
260 _aPerú :
_bMunicipalidad del Cusco ,
_c1993.
300 _a208 páginas ;
_c20.8 cm.
650 _aEl Agro Indigenista
_912262
650 _aHistoria Andina
_912263
942 _2ddc
_cLIBROS
945 _artm